[Event "Bolzano op 19th"]
[Site "Bolzano"]
[Date "2024.02.04"]
[Round "4"]
[White "Arndt, Dominik"]
[Black "Olivetti, Davide"]
[Result "1/2-1/2"]
[WhiteElo "1920"]
[BlackElo "2216"]
[PlyCount "168"]
[EventDate "2024.02.02"]
[EventType "swiss"]
[EventRounds "5"]
[EventCountry "ITA"]
[SourceTitle "CBM 218 Extra"]
[Source "ChessBase"]
[SourceDate "2024.03.31"]
[SourceVersion "1"]
[SourceVersionDate "2024.03.31"]
[SourceQuality "1"]

1. e4 c5 2. Nf3 Nc6 3. d4 cxd4 4. Nxd4 Nf6 5. Nc3 g6 6. Be3 Bg7 7. Bc4 0-0 8. f3 Qb6 9. Qd2 Nxe4 10. fxe4 Bxd4 11. Bxd4 Qxd4 12. Qxd4 Nxd4 13. 0-0-0 Nc6 14. Nd5 d6 15. Bb5 Bg4 16. Rd2 Rae8 17. c4 Kg7 18. b4 Rc8 19. Kb2 Be6 20. a3 Bxd5 21. Rxd5 Nd8 22. Rc1 b6 23. e5 dxe5 24. Rd7 a5 25. c5 axb4 26. c6 bxa3+ 27. Kxa3 Ne6 28. c7 Nc5 29. Kb4 Kf6 30. Rxc5 bxc5+ 31. Kxc5 Ra8 32. Bc6 Rac8 33. Kd5 h5 34. Bb7 Rxc7 35. Rxc7 Rd8+ 36. Ke4 Rd2 37. Ke3 Rb2 38. Be4 h4 39. h3 Ra2 40. Rb7 Ra4 41. Kf3 Ra3+ 42. Kf2 Ra5 43. Kf3 Kg5 44. Rxe7 f5 45. Bc6 Ra3+ 46. Kf2 Kf4 47. Bf3 Ra2+ 48. Be2 e4 49. Re6 g5 50. Re8 Ra3 51. Rg8 Ra1 52. Re8 Rb1 53. Re7 Rb2 54. Rg7 Rb3 55. Rg8 Rb1 56. Re8 Rc1 57. Re7 Rc8 58. Rg7 Rc5 59. Rg8 Re5 60. Rg7 Ra5 61. Rg8 Ra2 62. Rg7 Ra1 63. Re7 Ra4 64. Rg7 Ra8 65. Rg6 Ra2 66. Rg8 e3+ 67. Ke1 Rb2 68. Rg7 Rb8 69. Rg6 Rb1+ 70. Bd1 Rb2 71. Be2 Ra2 72. Rg8 Ra1+ 73. Bd1 Rb1 74. Rg7 Rb8 75. Rg6 Rh8 76. Rg7 Rb8 77. Rg6 Rb7 78. Rg8 Rb1 79. Rg7 Ra1 80. Rg8 Ra2 81. Be2 Ra4 82. Rg7 Rb4 83. Rg8 Rb1+ 84. Bd1 Rb2 1/2-1/2

[Event "Bodensee op"]
[Site "Bregenz"]
[Date "2022.05.23"]
[Round "3"]
[White "Raupp, Thomas"]
[Black "Arndt, Dominik"]
[Result "1-0"]
[WhiteElo "2283"]
[BlackElo "1976"]
[PlyCount "50"]
[EventDate "2022.05.21"]
[EventType "swiss"]
[EventRounds "9"]
[EventCountry "AUT"]
[SourceTitle "CBM 208 Extra"]
[Source "ChessBase"]
[SourceDate "2022.07.31"]
[SourceVersion "1"]
[SourceVersionDate "2022.07.31"]
[SourceQuality "1"]

1. d4 Nf6 2. c4 g6 3. Nc3 Bg7 4. g3 0-0 5. Bg2 d6 6. Nf3 Nbd7 7. 0-0 e5 8. e4 exd4 9. Nxd4 Re8 10. h3 a6 11. Re1 Rb8 12. Rb1 Ne5 13. b3 c5 14. Nc2 Be6 15. Ne3 Nc6 16. Bb2 Qa5 17. Ncd5 Bxd5 18. cxd5 Nd4 19. Nc4 Qd8 20. b4 b6 21. Qd2 b5 22. Nxd6 Qxd6 23. bxc5 Nxe4 24. Rxe4 Qxc5 25. Bxd4 Qxd5 1-0

[Event "Bodensee op"]
[Site "Bregenz"]
[Date "2022.05.21"]
[Round "1"]
[White "Schneider, Bernd1"]
[Black "Arndt, Dominik"]
[Result "0-1"]
[WhiteElo "2225"]
[BlackElo "1976"]
[PlyCount "92"]
[EventDate "2022.05.21"]
[EventType "swiss"]
[EventRounds "9"]
[EventCountry "AUT"]
[SourceTitle "CBM 208 Extra"]
[Source "ChessBase"]
[SourceDate "2022.07.31"]
[SourceVersion "1"]
[SourceVersionDate "2022.07.31"]
[SourceQuality "1"]

1. e4 d6 2. d4 Nf6 3. Nc3 g6 4. Bg5 Bg7 5. f4 h6 6. Bh4 c5 7. d5 0-0 8. Nf3 b5 9. Bxb5 Nxe4 10. Nxe4 Qa5+ 11. Nc3 Bxc3+ 12. bxc3 Qxb5 13. Qd3 Qa4 14. Qd2 Nd7 15. 0-0 Nf6 16. Rfe1 Re8 17. Bxf6 exf6 18. Rxe8+ Qxe8 19. Re1 Qa4 20. f5 g5 21. Qe3 Bd7 22. Qe7 g4 23. Qxf6 gxf3 24. Re3 f2+ 25. Kxf2 Qf4+ 26. Rf3 Qd2+ 27. Kg1 Qe1+ 28. Rf1 Qe3+ 29. Kh1 Qe2 30. Rg1 Qe5 31. Qxh6 Bxf5 32. c4 Rb8 33. h3 Rb2 34. Qh4 Bxc2 35. a4 a5 36. Qd8+ Kg7 37. Qxa5 Be4 38. Qe1 Rb1 39. Qxb1 Bxb1 40. Rxb1 Qc3 41. a5 Qxa5 42. Rb3 Qe1+ 43. Kh2 Qe5+ 44. Kh1 Qf4 45. Rc3 f5 46. Rc2 Kf6 0-1

[Event "GER-chT U20"]
[Site "Osnabrueck"]
[Date "2012.12.30"]
[Round "7.1"]
[White "Arndt, Dominik"]
[Black "Grunau, Christoph"]
[Result "1/2-1/2"]
[WhiteElo "1935"]
[BlackElo "2008"]
[PlyCount "41"]
[EventDate "2012.12.27"]
[EventType "team-swiss"]
[EventRounds "7"]
[EventCountry "GER"]
[SourceTitle "EXT 2014"]
[Source "ChessBase"]
[SourceDate "2013.11.20"]
[SourceVersion "1"]
[SourceVersionDate "2013.11.20"]
[SourceQuality "1"]
[WhiteTeam "Vaterstetten"]
[BlackTeam "Heitersheim"]
[WhiteTeamCountry "GER"]
[BlackTeamCountry "GER"]

1. Nf3 Nf6 2. g3 c5 3. Bg2 Nc6 4. 0-0 g6 5. d3 Bg7 6. e4 d6 7. Nbd2 0-0 8. Re1 e5 9. Nf1 h6 10. h3 Be6 11. c3 Qd7 12. Kh2 d5 13. Qc2 Rad8 14. Bd2 dxe4 15. dxe4 Bc4 16. Be3 Bd3 17. Qa4 b5 18. Qa6 c4 19. N1d2 Rb8 20. Rad1 Rfd8 21. Bc5 1/2-1/2

[Event "GER-chT U20"]
[Site "Osnabrueck"]
[Date "2012.12.29"]
[Round "6.1"]
[White "Arndt, Dominik"]
[Black "Peng, Xiang Tobias"]
[Result "1/2-1/2"]
[WhiteElo "1935"]
[BlackElo "1802"]
[PlyCount "40"]
[EventDate "2012.12.27"]
[EventType "team-swiss"]
[EventRounds "7"]
[EventCountry "GER"]
[SourceTitle "EXT 2014"]
[Source "ChessBase"]
[SourceDate "2013.11.20"]
[SourceVersion "1"]
[SourceVersionDate "2013.11.20"]
[SourceQuality "1"]
[WhiteTeam "Vaterstetten"]
[BlackTeam "Heilbronn"]
[WhiteTeamCountry "GER"]
[BlackTeamCountry "GER"]

1. Nf3 Nf6 2. g3 d5 3. Bg2 Bf5 4. 0-0 e6 5. d3 Bd6 6. b3 Nbd7 7. Bb2 c5 8. c4 0-0 9. Nbd2 d4 10. Nh4 Rb8 11. Nxf5 exf5 12. Qc2 f4 13. Nf3 fxg3 14. hxg3 Re8 15. b4 b6 16. Ba3 Qc7 17. bxc5 bxc5 18. Rfb1 Ng4 19. Qd2 Rb6 20. Rxb6 Qxb6 1/2-1/2

[Event "GER-chT U20"]
[Site "Osnabrueck"]
[Date "2012.12.28"]
[Round "4.1"]
[White "Arndt, Dominik"]
[Black "Hobusch, Alexander"]
[Result "1/2-1/2"]
[WhiteElo "1935"]
[BlackElo "2217"]
[PlyCount "59"]
[EventDate "2012.12.27"]
[EventType "team-swiss"]
[EventRounds "7"]
[EventCountry "GER"]
[SourceTitle "EXT 2014"]
[Source "ChessBase"]
[SourceDate "2013.11.20"]
[SourceVersion "1"]
[SourceVersionDate "2013.11.20"]
[SourceQuality "1"]
[WhiteTeam "Vaterstetten"]
[BlackTeam "Solingen"]
[WhiteTeamCountry "GER"]
[BlackTeamCountry "GER"]

1. e4 e6 2. d3 d5 3. Nd2 Nf6 4. Ngf3 dxe4 5. dxe4 Bc5 6. Be2 e5 7. Nxe5 Bxf2+ 8. Kxf2 Qd4+ 9. Kf1 Qxe5 10. Bd3 Nc6 11. Nc4 Qe7 12. Qf3 Ng4 13. Qg3 0-0 14. Kg1 Nce5 15. Nxe5 Qc5+ 16. Kf1 Nxe5 17. Bf4 f6 18. Bxe5 Qxe5 19. Qxe5 fxe5+ 20. Ke2 Be6 21. Rhf1 Rfd8 22. Ke3 Rd6 23. Rad1 Rad8 24. b3 a5 25. Rd2 Rd4 26. Rfd1 Kf7 27. Be2 Rxd2 28. Rxd2 Rxd2 29. Kxd2 Ke7 30. a3 1/2-1/2

[Event "GER-chT U20"]
[Site "Osnabrueck"]
[Date "2012.12.28"]
[Round "3.1"]
[White "Saran, Bajar"]
[Black "Arndt, Dominik"]
[Result "1/2-1/2"]
[WhiteElo "1872"]
[BlackElo "1935"]
[PlyCount "58"]
[EventDate "2012.12.27"]
[EventType "team-swiss"]
[EventRounds "7"]
[EventCountry "GER"]
[SourceTitle "EXT 2014"]
[Source "ChessBase"]
[SourceDate "2013.11.20"]
[SourceVersion "1"]
[SourceVersionDate "2013.11.20"]
[SourceQuality "1"]
[WhiteTeam "Jena Schott"]
[BlackTeam "Vaterstetten"]
[WhiteTeamCountry "GER"]
[BlackTeamCountry "GER"]

1. e4 c5 2. Ne2 g6 3. d4 cxd4 4. Nxd4 Bg7 5. c4 Nc6 6. Be3 Nf6 7. Nc3 0-0 8. Be2 d6 9. 0-0 Bd7 10. Qd2 Nxd4 11. Bxd4 a6 12. f3 Rc8 13. Rac1 Be6 14. b3 Nd7 15. Bxg7 Kxg7 16. f4 f6 17. Bf3 Qa5 18. Qe2 b5 19. Nd5 bxc4 20. bxc4 Bxd5 21. cxd5 Qa3 22. Rxc8 Rxc8 23. Bg4 Rc7 24. Bxd7 Rxd7 25. Kh1 Rc7 26. e5 fxe5 27. fxe5 Rc1 28. exd6 Rxf1+ 29. Qxf1 exd6 1/2-1/2

[Event "Bayernliga U20 1112"]
[Site "Bayern"]
[Date "2012.01.21"]
[Round "5.1"]
[White "Arndt, Dominik"]
[Black "Walter, Florian"]
[Result "1/2-1/2"]
[WhiteElo "1895"]
[BlackElo "2129"]
[PlyCount "81"]
[EventDate "2011.11.12"]
[EventType "team-swiss"]
[EventRounds "7"]
[EventCountry "GER"]
[SourceTitle "EXT 2022"]
[Source "ChessBase"]
[SourceDate "2021.10.06"]
[SourceVersion "1"]
[SourceVersionDate "2021.10.06"]
[SourceQuality "1"]
[WhiteTeam "Vaterstetten SC U20"]
[BlackTeam "Lauf SV U20"]
[WhiteTeamCountry "GER"]
[BlackTeamCountry "GER"]

1. Nf3 g6 2. g3 Bg7 3. Bg2 d6 4. 0-0 Nf6 5. d3 0-0 6. c4 e5 7. Nc3 Nc6 8. Bd2 h6 9. Rb1 Be6 10. b4 a6 11. Qc2 Nh5 12. a4 f5 13. Rfc1 g5 14. b5 axb5 15. axb5 Ne7 16. Ra1 Qd7 17. Ne1 Rxa1 18. Rxa1 e4 19. Ra5 exd3 20. Qxd3 Ng6 21. Nf3 g4 22. Nd4 Ne5 23. Qc2 Bf7 24. e3 Nxc4 25. Ra7 f4 26. Rxb7 fxe3 27. Bxe3 Nxe3 28. fxe3 Qe8 29. Qd3 Bg6 30. Qc4+ Kh8 31. Nd5 Qf7 32. Qf1 Qe8 33. Qc1 Be4 34. Nxc7 Qe5 35. Nc6 Bxc6 36. bxc6 Nxg3 37. hxg3 Qxg3 38. Ne6 Qf2+ 39. Kh1 Qh4+ 40. Kg1 Qf2+ 41. Kh1 1/2-1/2

[Event "GER-chT U20"]
[Site "Osnabrueck"]
[Date "2011.12.29"]
[Round "5.2"]
[White "Arndt, Dominik"]
[Black "Pfefferkorn, Kai"]
[Result "1/2-1/2"]
[WhiteElo "1964"]
[BlackElo "1686"]
[PlyCount "67"]
[EventDate "2011.12.27"]
[EventType "team-swiss"]
[EventRounds "7"]
[EventCountry "GER"]
[SourceTitle "CBM 146 Extra"]
[Source "ChessBase"]
[SourceDate "2012.02.29"]
[SourceVersion "1"]
[SourceVersionDate "2012.02.29"]
[SourceQuality "1"]
[WhiteTeam "Vaterstetten"]
[BlackTeam "Dresden"]
[WhiteTeamCountry "GER"]
[BlackTeamCountry "GER"]

1. Nf3 d5 2. g3 Nf6 3. Bg2 e6 4. 0-0 Bc5 5. d3 b6 6. Nbd2 Bb7 7. b3 0-0 8. Bb2 Nbd7 9. Re1 Re8 10. e4 dxe4 11. dxe4 e5 12. Qe2 Bd6 13. Rad1 Nc5 14. Nh4 Ba6 15. Nc4 g6 16. f3 Qe7 17. Bf1 Ncd7 18. Qd2 Bc5+ 19. Kh1 Rad8 20. Qg5 Nxe4 21. Qxe7 Nf2+ 22. Kg2 Rxe7 23. Rd2 f6 24. Rxf2 Bxf2 25. Kxf2 Nc5 26. f4 b5 27. Nf3 bxc4 28. Ba3 Ree8 29. Bxc5 e4 30. Nd4 e3+ 31. Rxe3 Rxe3 32. Kxe3 cxb3 33. axb3 Bxf1 34. Bxa7 1/2-1/2

[Event "GER-chT U20"]
[Site "Osnabrueck"]
[Date "2011.12.28"]
[Round "4.2"]
[White "Weissbeck, Simon"]
[Black "Arndt, Dominik"]
[Result "1/2-1/2"]
[WhiteElo "2007"]
[BlackElo "1964"]
[PlyCount "50"]
[EventDate "2011.12.27"]
[EventType "team-swiss"]
[EventRounds "7"]
[EventCountry "GER"]
[SourceTitle "CBM 146 Extra"]
[Source "ChessBase"]
[SourceDate "2012.02.29"]
[SourceVersion "1"]
[SourceVersionDate "2012.02.29"]
[SourceQuality "1"]
[WhiteTeam "Heilbronn"]
[BlackTeam "Vaterstetten"]
[WhiteTeamCountry "GER"]
[BlackTeamCountry "GER"]

1. e4 c5 2. c3 d5 3. exd5 Qxd5 4. d4 Nc6 5. Nf3 Nf6 6. Be3 cxd4 7. cxd4 Bg4 8. Be2 e6 9. h3 Bh5 10. Nc3 Qa5 11. 0-0 Be7 12. Na4 Qd5 13. Nc3 Qa5 14. Qb3 Qb4 15. Ne5 0-0-0 16. Nxc6 bxc6 17. Bf3 Nd5 18. Rac1 Nxc3 19. bxc3 Qxb3 20. axb3 Ba3 21. Rcd1 Bg6 22. Bxc6 Kc7 23. Bf3 Bc2 24. Rd2 Bxb3 25. Ra2 Bc5 1/2-1/2

[Event "GER-chT U20"]
[Site "Osnabrueck"]
[Date "2011.12.27"]
[Round "1.2"]
[White "Meissner, Felix"]
[Black "Arndt, Dominik"]
[Result "1-0"]
[WhiteElo "2248"]
[BlackElo "1964"]
[PlyCount "41"]
[EventDate "2011.12.27"]
[EventType "team-swiss"]
[EventRounds "7"]
[EventCountry "GER"]
[SourceTitle "CBM 146 Extra"]
[Source "ChessBase"]
[SourceDate "2012.02.29"]
[SourceVersion "1"]
[SourceVersionDate "2012.02.29"]
[SourceQuality "1"]
[WhiteTeam "Hamburger SK"]
[BlackTeam "Vaterstetten"]
[WhiteTeamCountry "GER"]
[BlackTeamCountry "GER"]

1. e4 c5 2. Nf3 g6 3. d4 cxd4 4. Nxd4 Bg7 5. c4 Nc6 6. Be3 Nf6 7. Nc3 d6 8. f3 0-0 9. Nc2 Bd7 10. Be2 a5 11. Na3 Nb4 12. Nab5 Bc6 13. 0-0 Nd7 14. Qd2 Nc5 15. Rfd1 a4 16. Bf1 Qa5 17. Qf2 b6 18. a3 Nba6 19. Nd5 Bxb5 20. Bd2 Bd4 21. Nxe7+ 1-0

[Event "Bayernliga U20 1011"]
[Site "Bayern"]
[Date "2011.04.02"]
[Round "6.2"]
[White "Quaschner, Tobias"]
[Black "Arndt, Dominik"]
[Result "1/2-1/2"]
[WhiteElo "2054"]
[BlackElo "1964"]
[PlyCount "60"]
[EventDate "2010.10.16"]
[EventType "team-tourn"]
[EventRounds "7"]
[EventCountry "GER"]
[SourceTitle "EXT 2022"]
[Source "ChessBase"]
[SourceDate "2021.10.06"]
[SourceVersion "1"]
[SourceVersionDate "2021.10.06"]
[SourceQuality "1"]
[WhiteTeam "Grossenseebach U20"]
[BlackTeam "Vaterstetten SC U20"]
[WhiteTeamCountry "GER"]
[BlackTeamCountry "GER"]

1. e4 c5 2. Nf3 g6 3. d4 cxd4 4. Nxd4 Bg7 5. Be3 Nc6 6. Nc3 Nf6 7. Bc4 0-0 8. Bb3 a5 9. f3 e6 10. Ndb5 d5 11. Bc5 Ne7 12. 0-0 b6 13. Ba3 Ba6 14. exd5 Nfxd5 15. Bxd5 Nxd5 16. Bxf8 Qxf8 17. Rf2 Qc5 18. Nxd5 Bxb5 19. Nc3 Bd4 20. Ne4 Bxf2+ 21. Nxf2 Qe3 22. Qe1 Qxe1+ 23. Rxe1 Rd8 24. Rd1 Rxd1+ 25. Nxd1 Kf8 26. Kf2 Ke7 27. Ke3 e5 28. g3 Ke6 29. f4 f5 30. h4 Bc6 1/2-1/2

[Event "Munich OIS op 29th"]
[Site "Munich"]
[Date "2009.10.05"]
[Round "3"]
[White "Arndt, Dominik"]
[Black "Lentrodt, Thomas"]
[Result "0-1"]
[WhiteElo "1804"]
[BlackElo "2304"]
[PlyCount "40"]
[EventDate "2009.10.03"]
[EventType "swiss"]
[EventRounds "9"]
[EventCountry "GER"]
[SourceTitle "EXT 2010"]
[Source "ChessBase"]
[SourceDate "2010.11.25"]
[SourceVersion "1"]
[SourceVersionDate "2010.11.25"]
[SourceQuality "1"]

1. e4 c5 2. Nf3 d6 3. d4 cxd4 4. Nxd4 Nf6 5. Nc3 a6 6. f3 b5 7. Be3 Bb7 8. Qd2 Nbd7 9. 0-0-0 e6 10. g4 h6 11. h4 b4 12. Na4 d5 13. exd5 Nxd5 14. Bf2 Bd6 15. Kb1 Qa5 16. b3 Nc5 17. Nxc5 Bxc5 18. a4 Nc3+ 19. Kb2 Nxd1+ 20. Qxd1 Rd8 0-1

[Event "GER-chT U14"]
[Site "Verden"]
[Date "2008.12.29"]
[Round "5.2"]
[White "Hartewig, Philipp"]
[Black "Arndt, Dominik"]
[Result "0-1"]
[WhiteElo "1441"]
[BlackElo "1735"]
[PlyCount "99"]
[EventDate "2008.12.27"]
[EventType "team-swiss"]
[EventRounds "7"]
[EventCountry "GER"]
[SourceTitle "EXT 2010"]
[Source "ChessBase"]
[SourceDate "2010.11.25"]
[SourceVersion "1"]
[SourceVersionDate "2010.11.25"]
[SourceQuality "1"]
[WhiteTeam "Chemnitz Aufbau"]
[BlackTeam "Vaterstetten"]
[WhiteTeamCountry "GER"]
[BlackTeamCountry "GER"]

1. d4 Nf6 2. c4 g6 3. g3 Bg7 4. Bg2 0-0 5. Nc3 d6 6. e4 e5 7. d5 Nbd7 8. Nge2 a5 9. a4 Ne8 10. 0-0 f5 11. f4 fxe4 12. Nxe4 Nef6 13. N2c3 Nxe4 14. Nxe4 exf4 15. gxf4 Nb6 16. Qb3 Bf5 17. Ng3 Bd4+ 18. Kh1 Bd7 19. Ra2 Bg4 20. Qd3 Bg7 21. b3 Nd7 22. h3 Nc5 23. Qc2 Qh4 24. Kh2 Rae8 25. Ra3 Re7 26. Rf2 Rfe8 27. Ra2 Bd4 28. Rf1 Re2 29. Nxe2 Rxe2 30. Qxe2 Bxe2 31. Rxe2 Nxb3 32. Be3 Bxe3 33. Rxe3 Nd2 34. Rfe1 Nxc4 35. Re8+ Kf7 36. Kg1 Nb6 37. R1e4 Qf6 38. Bf1 Nxd5 39. Bc4 c6 40. Rb8 Qf5 41. Rxb7+ Kf6 42. Bxd5 Qxd5 43. Rbe7 Kf5 44. Re2 Kxf4 45. Rf2+ Kg3 46. Re3+ Kh4 47. Rf4+ Kg5 48. Ree4 Qd1+ 49. Kg2 Qd2+ 50. Kg1 0-1

[Event "GER-chT U14"]
[Site "Verden"]
[Date "2008.12.28"]
[Round "3.2"]
[White "Holle, Eric"]
[Black "Arndt, Dominik"]
[Result "0-1"]
[WhiteElo "1515"]
[BlackElo "1735"]
[PlyCount "103"]
[EventDate "2008.12.27"]
[EventType "team-swiss"]
[EventRounds "7"]
[EventCountry "GER"]
[SourceTitle "EXT 2010"]
[Source "ChessBase"]
[SourceDate "2010.11.25"]
[SourceVersion "1"]
[SourceVersionDate "2010.11.25"]
[SourceQuality "1"]
[WhiteTeam "Stade"]
[BlackTeam "Vaterstetten"]
[WhiteTeamCountry "GER"]
[BlackTeamCountry "GER"]

1. e4 e6 2. f4 d5 3. e5 c5 4. Nf3 Nc6 5. c3 Qb6 6. Na3 Nh6 7. Nc2 Nf5 8. Bd3 Nh6 9. Be2 Bd7 10. 0-0 Be7 11. d4 0-0 12. Rb1 f6 13. Be3 cxd4 14. Bxd4 Nxd4 15. cxd4 Rac8 16. Qd2 Rc7 17. Rfc1 Rfc8 18. Bd3 Nf7 19. Kf2 Rf8 20. Kg1 Rfc8 21. Kf2 Kh8 22. Kg1 Bb5 23. Bxb5 Qxb5 24. Kf2 Qa4 25. Na3 Bxa3 26. bxa3 Qxa3 27. Rxc7 Rxc7 28. Rb3 Qa4 29. Qe2 f5 30. Ke3 Nh6 31. h3 Nf7 32. Ne1 Nd8 33. Nd3 b6 34. Qb2 Qc4 35. Kd2 Kg8 36. Rc3 Qxc3+ 37. Qxc3 Rxc3 38. Kxc3 Nc6 39. Nb4 Nxb4 40. Kxb4 Kf8 41. a4 Kf7 42. Kc3 Kg6 43. Kd3 Kh5 44. g3 g5 45. Ke3 gxf4+ 46. Kxf4 Kg6 47. Ke3 Kg5 48. Kf3 h6 49. Ke3 h5 50. Kf3 h4 51. gxh4+ Kxh4 52. Kg2 0-1

[Event "GER-chT U14"]
[Site "Verden"]
[Date "2008.12.27"]
[Round "1.2"]
[White "Schopferer, Markus"]
[Black "Arndt, Dominik"]
[Result "1/2-1/2"]
[WhiteElo "1412"]
[BlackElo "1735"]
[PlyCount "110"]
[EventDate "2008.12.27"]
[EventType "team-swiss"]
[EventRounds "7"]
[EventCountry "GER"]
[SourceTitle "EXT 2010"]
[Source "ChessBase"]
[SourceDate "2010.11.25"]
[SourceVersion "1"]
[SourceVersionDate "2010.11.25"]
[SourceQuality "1"]
[WhiteTeam "Heitersheim"]
[BlackTeam "Vaterstetten"]
[WhiteTeamCountry "GER"]
[BlackTeamCountry "GER"]

1. g3 Nf6 2. Bg2 g6 3. c3 Bg7 4. Nf3 0-0 5. 0-0 d6 6. d3 Nc6 7. Nbd2 e5 8. Nb3 Rb8 9. e4 Bg4 10. Qc2 Qc8 11. Re1 Bh3 12. Bh1 Rd8 13. Ng5 Bg4 14. f4 h6 15. Nf3 Nh5 16. Bg2 Bh3 17. c4 exf4 18. gxf4 Qg4 19. Rb1 Nxf4 20. Bxf4 Bxg2 21. Qxg2 Qxf4 22. a3 Ne5 23. Nxe5 dxe5 24. Rbd1 Qf6 25. Re3 Qb6 26. d4 exd4 27. Red3 c5 28. R1d2 Qc6 29. Nc1 Qe6 30. b3 Re8 31. Re2 Re7 32. Rd1 Qb6 33. Qf3 Rbe8 34. Rde1 Qc6 35. Qg2 Kh7 36. a4 Re5 37. Kf1 Rg5 38. Qh3 Rge5 39. Qg2 R5e7 40. Qg4 f5 41. exf5 Rxe2 42. Qxg6+ Qxg6 43. fxg6+ Kxg6 44. Rxe2 Rxe2 45. Kxe2 b6 46. Kf3 Kf5 47. Nd3 Be5 48. h3 h5 49. Nf2 Bf4 50. Nd3 Be3 51. Nb2 Kg5 52. Nd3 Kf5 53. Nb2 Bg5 54. Nd3 Bh6 55. Nb2 Bg5 1/2-1/2